First dinner cruise on board the world yacht Princess
Αποθηκεύτηκε σε:
| Συγγραφή απο Οργανισμό/Αρχή: | |
|---|---|
| Μορφή: | Βιβλίο |
| Γλώσσα: | English |
| Δημοσίευση: |
New York :
New York Shipping Cooperation Committee,
1995
|
| Θέματα: | |
| Ετικέτες: |
Προσθήκη ετικέτας
Δεν υπάρχουν, Καταχωρήστε ετικέτα πρώτοι!
|
MARC
| LEADER | 00000cam a2200000 i 4500 | ||
|---|---|---|---|
| 001 | 1/63005 | ||
| 008 | 980701s1995 eng d | ||
| 035 | |l 10029177 | ||
| 040 | |a GR-MY-UA |b gre |e aacr | ||
| 041 | 0 | |a eng | |
| 082 | 0 | |a 387.5 | |
| 110 | 2 | |a New York Shipping Cooperation Committe. | |
| 245 | 1 | 0 | |a First dinner cruise on board the world yacht Princess / |c New York Shipping Cooperation Commitee |
| 260 | |a New York : |b New York Shipping Cooperation Committee, |c 1995 | ||
| 300 | |a 69 p.; |b ill.; |c 28 cm | ||
| 650 | 0 | 0 | |a Shipping. |
| 852 | |a INST |b CHIOS |e 19980701 |h 387.5 NEW |p 005200016054 |q 005200016054 |t BK |y 0 | ||
| 852 | |a INST |b CHIOS |e 19980701 |h 387.5 NEW |p 005200016064 |q 005200016064 |t BK |y 0 | ||
| 901 | |a BIBL-1998-2 | ||
| 909 | |a Χ |b 054674 | ||
| 909 | |a Χ |b 054675 | ||
| 970 | |z 2000/09/ΔΕΜΕΝΑΓΑΣ | ||